000
00268nam a22001217a 4500
020
_a
07214-1991-7
082
_a
823
_b
BAX/C
100
_a
BAXTER, NICOLA
245
_a
CLEVER LITTLE FAIRY
260
_a
LONDON
_b
LADYBIRD
650
_a
ENGLISH SHORT STORY
_z
UK
942
_c
BK
999
_c
4226
_d
4226